Research methods for business students / (Record no. 17018)
[ view plain ]
| 000 -LEADER | |
|---|---|
| fixed length control field | 01034cam a22003018a 4500 |
| 001 - CONTROL NUMBER | |
| control field | 17076920 |
| 005 - DATE AND TIME OF LATEST TRANSACTION | |
| control field | 20141008155149.0 |
| 008 - FIXED-LENGTH DATA ELEMENTS--GENERAL INFORMATION | |
| fixed length control field | 111209s2012 xxka frbbd 001 0 eng d |
| 020 ## - INTERNATIONAL STANDARD BOOK NUMBER | |
| International Standard Book Number | 9780273750758 |
| 040 ## - CATALOGING SOURCE | |
| Original cataloging agency | EG-ScBUE |
| 082 00 - DEWEY DECIMAL CLASSIFICATION NUMBER | |
| Classification number | 650.072 |
| Edition number | 22 |
| Item number | SAU |
| 100 1# - MAIN ENTRY--PERSONAL NAME | |
| Personal name | Saunders, Mark, |
| Dates associated with a name | 1959- |
| 9 (RLIN) | 8900 |
| 245 10 - TITLE STATEMENT | |
| Title | Research methods for business students / |
| Statement of responsibility, etc | Mark Saunders, Philip Lewis, Adrian Thornhill. |
| 250 ## - EDITION STATEMENT | |
| Edition statement | 6th ed. |
| 260 ## - PUBLICATION, DISTRIBUTION, ETC. (IMPRINT) | |
| Place of publication, distribution, etc | Harlow, United Kingdom : |
| Name of publisher, distributor, etc | Pearson Education Limited, |
| Date of publication, distribution, etc | 2012 |
| Place of manufacture | ([Rome] : |
| Manufacturer | Rotolito Lombarda) |
| 300 ## - PHYSICAL DESCRIPTION | |
| Extent | xxxi, 696 p. : |
| Other physical details | ill. (col.) ; |
| Dimensions | 27 cm. |
| 490 0# - Series Statement | |
| Series statement | Always Learning |
| 500 ## - GENERAL NOTE | |
| General note | Appendices : p. 644-664. |
| 500 ## - GENERAL NOTE | |
| General note | Glossary : p. 665-684. |
| 500 ## - GENERAL NOTE | |
| General note | Index : p. 685-696. |
| 504 ## - BIBLIOGRAPHY, ETC. NOTE | |
| Bibliography, etc | Bibliography : p. 632-643. |
| 650 #0 - SUBJECT ADDED ENTRY--TOPICAL TERM | |
| Topical term or geographic name as entry element | Business |
| General subdivision | Research |
| -- | Data processing |
| 9 (RLIN) | 8902 |
| 653 ## - INDEX TERM--UNCONTROLLED | |
| Resource For college | BAEPS, Business Administration |
| Arrived date list | September2012 |
| -- | October2014 |
| 655 ## - INDEX TERM--GENRE/FORM | |
| Form subdivision | |
| -- | 33728 |
| 700 1# - ADDED ENTRY--PERSONAL NAME | |
| Personal name | Lewis, Philip, |
| Dates associated with a name | 1945- |
| 9 (RLIN) | 8903 |
| 700 1# - ADDED ENTRY--PERSONAL NAME | |
| Personal name | Thornhill, Adrian |
| 9 (RLIN) | 8904 |
| 942 ## - ADDED ENTRY ELEMENTS (KOHA) | |
| Source of classification or shelving scheme | Dewey Decimal Classification |
| Item type | Book - Borrowing |
| Call number prefix | 650.072 SAU |
| Withdrawn status | Item status | Source of classification or shelving scheme | Damaged status | Not for loan | Vendor | Home library | Current library | Shelving location | Date acquired | Source of acquisition | Cost, normal purchase price | Serial Enumeration / chronology | Total Checkouts | Full call number | Barcode | Date last seen | Date last borrowed | Koha item type | Total Renewals | Materials specified (bound volume or other part) | Cost, replacement price |
|---|---|---|---|---|---|---|---|---|---|---|---|---|---|---|---|---|---|---|---|---|---|
| Dewey Decimal Classification | Baccah | Central Library | Central Library | First floor | 24/09/2012 | 190.00 | 3 | 5 | 650.072 SAU | 000027274 | 15/07/2025 | 29/09/2013 | NB - Book (Non borrowing) | ||||||||
| Dewey Decimal Classification | Baccah | Central Library | Central Library | First floor | 24/09/2012 | 190.00 | 3 | 24 | 650.072 SAU | 000027275 | 15/07/2025 | 24/04/2018 | Book - Borrowing | 143 | |||||||
| Dewey Decimal Classification | Baccah | Central Library | Central Library | First floor | 24/09/2012 | 190.00 | 3 | 26 | 650.072 SAU | 000027276 | 15/07/2025 | 15/05/2019 | Book - Borrowing | 144 | |||||||
| Lost | Dewey Decimal Classification | Baccah | Central Library | Central Library | First floor | 24/09/2012 | 190.00 | 3 | 4 | 650.072 SAU | 000027277 | 28/10/2014 | 24/09/2014 | Book - Borrowing | 34 | Lost In Inventory_2015-8-23 | |||||
| Dewey Decimal Classification | Baccah | Central Library | Central Library | First floor | 24/09/2012 | 190.00 | 3 | 26 | 650.072 SAU | 000027278 | 15/07/2025 | 02/10/2019 | Book - Borrowing | 129 | |||||||
| Dewey Decimal Classification | Baccah | Central Library | Central Library | First floor | 24/09/2012 | 190.00 | 3 | 30 | 650.072 SAU | 000027279 | 15/07/2025 | 08/05/2019 | Book - Borrowing | 136 | |||||||
| Dewey Decimal Classification | Baccah | Central Library | Central Library | First floor | 24/09/2012 | 260.00 | 3 | 18 | 650.072 SAU | 000027280 | 15/07/2025 | 18/10/2022 | Book - Borrowing | 95 | 325.00 | ||||||
| Dewey Decimal Classification | Baccah | Central Library | Central Library | First floor | 08/10/2014 | 260.00 | 19 | 650.072 SAU | 000036527 | 15/07/2025 | 24/04/2019 | Book - Borrowing | 105 | 325.00 | |||||||
| Dewey Decimal Classification | Baccah | Central Library | Central Library | First floor | 08/10/2014 | 260.00 | 19 | 650.072 SAU | 000036528 | 15/07/2025 | 24/02/2020 | Book - Borrowing | 63 | 325.00 | |||||||
| Dewey Decimal Classification | Baccah | Central Library | Central Library | First floor | 08/10/2014 | 260.00 | 19 | 650.072 SAU | 000036529 | 15/07/2025 | 18/02/2020 | Book - Borrowing | 71 | 325.00 |